000 01534cam a22004214a 4500
001 4047899
003 OSt
005 20260427074803.0
008 990129s1999 maua b 001 0 eng
010 _a 99017510
020 _a1577180755
_qhardcover : alk. paper
020 _a1577180763
_qpbk. : alk. paper
020 _a9781577180753
_q(hardcover : alk. paper)
020 _a9781577180760
_q(pbk. : alk. paper)
035 _a4047899
040 _aDLC
_cDLC
_dDLC
042 _apcc
050 0 0 _aHM278
_b.N695 1999
082 0 0 _a303.6/1
_221
245 0 0 _aNonviolent social movements :
_ba geographical perspective /
_cedited by Stephen Zunes, Lester R. Kurtz, and Sarah Beth Asher.
260 _aMalden, Mass. :
_bBlackwell,
_c1999.
300 _axii, 330 p. :
_bill. ;
_c24 cm.
336 _atext
_btxt
_2rdacontent
337 _aunmediated
_bn
_2rdamedia
338 _avolume
_bnc
_2rdacarrier
504 _aIncludes bibliographical references and index.
650 0 _aNonviolence.
650 0 _aPassive resistance.
650 0 _aSocial movements.
700 1 _aZunes, Stephen.
700 1 _aKurtz, Lester R.
700 1 _aAsher, Sarah Beth.
856 4 1 _3Table of contents
_uhttp://www.loc.gov/catdir/toc/fy036/99017510.html
906 _a7
_bcbc
_corignew
_d1
_eocip
_f19
_gy-gencatlg
942 _2lcc
_cBK
_n0
999 _c23714
_d23713